[Event "DEM U14 2005"]
[Site "Willingen GER"]
[Date "2005.05.19"]
[Round "7"]
[White "Völsgen, Georg"]
[Black "Schätz, Christopher"]
[Result "0-1"]
[Termination "normal"]
[Board "11"]
[WhiteElo "1562"]
[BlackElo "1749"]
[PlyCount "60"]
[WhiteFideId "24635901"]
[BlackFideId "24623997"]
[EventCountry "GER"]
[EventRounds "9"]
[EventType "swiss"]
[EventDate "2005.05.15"]

1. e4 c5 2. Nc3 d6 3. f4 g6 4. Nf3 Bg7 5. Bb5+ Bd7 6. Bxd7+ Nxd7 7. O-O Ngf6 8.
d3 O-O 9. Be3 Ng4 10. Bd2 Qb6 11. Nd5 Qxb2 12. Rb1 Qxa2 13. Rxb7 Nb6 14. Nxb6
Qa6 15. Rxe7 axb6 16. e5 dxe5 17. fxe5 Rfe8 18. Rxe8+ Rxe8 19. Bc3 Ne3 20. Qe2
Nxf1 21. Qxf1 Qa3 22. Qe1 b5 23. Bd2 Qb2 24. c3 b4 25. d4 cxd4 26. cxd4 b3 27.
Bc3 Qc2 28. Qa1 Qa2 29. Qxa2 bxa2 30. Kf2 Rc8 0-1

[Event "DEM U14 2005"]
[Site "Willingen GER"]
[Date "2005.05.19"]
[Round "7"]
[White "Jacobi, Robin"]
[Black "Colpe, Malte"]
[Result "0-1"]
[Termination "normal"]
[Board "12"]
[WhiteElo "1622"]
[BlackElo "1962"]
[PlyCount "136"]
[WhiteFideId "24646962"]
[BlackFideId "24623075"]
[EventCountry "GER"]
[EventRounds "9"]
[EventType "swiss"]
[EventDate "2005.05.15"]

1. Nf3 Nf6 2. b4 g6 3. Bb2 Bg7 4. c4 O-O 5. e3 d6 6. Be2 e5 7. d4 e4 8. Nfd2 c6
9. b5 cxb5 10. cxb5 d5 11. Nc3 Be6 12. a4 a5 13. Qb3 b6 14. Rc1 Nh5 15. Ba3 Re8
16. O-O Qg5 17. Bd6 Bh3 18. Bg3 Nxg3 19. hxg3 Be6 20. Rc2 Nd7 21. Rfc1 h5 22.
Nf1 Bf8 23. f4 exf3 24. Bxf3 Nf6 25. Ne2 Ne4 26. Bxe4 dxe4 27. Qb2 h4 28. gxh4
Qxh4 29. Nf4 g5 30. Nxe6 Rxe6 31. Rc6 Bd6 32. Qf2 Qh6 33. Qc2 Kg7 34. d5 Rf6
35. g3 Rh8 36. Qg2 Rf5 37. Rd1 Qg6 38. Qb2+ Re5 39. Qxe5+ Bxe5 40. Rxg6+ Kxg6
41. Rc1 Rd8 42. Rc6+ Kf5 43. Rxb6 Rxd5 44. Rc6 Rd1 45. Kf2 Ra1 46. Rc4 Ra2+ 47.
Kg1 f6 48. b6 Rb2 49. Rc5 Rxb6 50. Rxa5 Rb2 51. Rb5 Ra2 52. Rb4 Kg4 53. Rxe4+
Kf3 54. Rc4 Bxg3 55. Nxg3 Kxg3 56. Rc1 Rxa4 57. Re1 g4 58. Rf1 Ra3 59. Re1 f5
60. Kf1 Kf3 61. e4 fxe4 62. Kg1 e3 63. Rf1+ Ke2 64. Kg2 Kd2 65. Rb1 Rc3 66.
Rb2+ Rc2 67. Rb1 e2 68. Kf2 g3+ 0-1

[Event "DEM U14 2005"]
[Site "Willingen GER"]
[Date "2005.05.19"]
[Round "7"]
[White "Rath, Oliver"]
[Black "Brüggemann, Florian"]
[Result "1-0"]
[Termination "normal"]
[Board "13"]
[WhiteElo "1717"]
[BlackElo "1626"]
[PlyCount "63"]
[WhiteFideId "24610380"]
[BlackFideId "24645567"]
[EventCountry "GER"]
[EventRounds "9"]
[EventType "swiss"]
[EventDate "2005.05.15"]

1. d4 Nf6 2. c4 g6 3. Nc3 Bg7 4. e4 d6 5. Nf3 O-O 6. Be2 e5 7. O-O Nc6 8. d5
Ne7 9. Nd2 Ne8 10. f4 f5 11. Nf3 exf4 12. exf5 Bxf5 13. Bxf4 Nf6 14. Nd4 Nd7
15. Bg5 Qe8 16. g4 Bxd4+ 17. Qxd4 Nc5 18. Bh6 Rf7 19. gxf5 Nxf5 20. Rxf5 gxf5
21. Bh5 Qe5 22. Qxe5 dxe5 23. Bxf7+ Kxf7 24. Be3 Rg8+ 25. Kf1 Nd3 26. b3 a6 27.
Rd1 e4 28. Rd2 Re8 29. Bd4 Nf4 30. Rf2 Ng6 31. Rxf5+ Kg8 32. Ke2 1-0

[Event "DEM U14 2005"]
[Site "Willingen GER"]
[Date "2005.05.20"]
[Round "8"]
[White "Heimann, Andreas"]
[Black "Huschenbeth, Niclas"]
[Result "1/2-1/2"]
[Termination "normal"]
[Board "1"]
[WhiteElo "2119"]
[BlackElo "2115"]
[PlyCount "62"]
[WhiteFideId "24624632"]
[BlackFideId "24604747"]
[EventCountry "GER"]
[EventRounds "9"]
[EventType "swiss"]
[EventDate "2005.05.15"]

1. e4 e5 2. Nf3 Nc6 3. Bc4 Bc5 4. b4 Bxb4 5. c3 Bd6 6. d4 Nf6 7. O-O O-O 8. Re1
h6 9. Nbd2 Re8 10. Bd3 b6 11. Nc4 Bb7 12. d5 Nb8 13. Nxd6 cxd6 14. Nh4 Qc7 15.
Qd2 Rc8 16. c4 Qd8 17. Nf5 Qf8 18. Ba3 Ne8 19. Re3 Na6 20. Rg3 Kh7 21. Bc1 f6
22. Qd1 Nc5 23. Bxh6 gxh6 24. Qh5 Nxd3 25. Qg6+ Kh8 26. Nxh6 Qg7 27. Nf7+ Kg8
28. Qh5 Nf4 29. Nh6+ Kh8 30. Nf7+ Kg8 31. Nh6+ Kh8 1/2-1/2

[Event "DEM U14 2005"]
[Site "Willingen GER"]
[Date "2005.05.20"]
[Round "8"]
[White "Bogner, Sebastian"]
[Black "Müller, Reinhold"]
[Result "1/2-1/2"]
[Termination "normal"]
[Board "2"]
[WhiteElo "2409"]
[BlackElo "2122"]
[PlyCount "144"]
[WhiteFideId "4692055"]
[BlackFideId "24605875"]
[EventCountry "GER"]
[EventRounds "9"]
[EventType "swiss"]
[EventDate "2005.05.15"]

1. e4 e6 2. d4 d5 3. Nc3 Bb4 4. e5 c5 5. a3 Bxc3+ 6. bxc3 Qc7 7. Nf3 cxd4 8.
cxd4 Ne7 9. h4 Nbc6 10. h5 h6 11. Rh4 Nf5 12. Rf4 Bd7 13. Rb1 Rf8 14. g4 Nfe7
15. Bd3 O-O-O 16. Nh4 Nxd4 17. Rxd4 Qc3+ 18. Kf1 Qxd4 19. Rxb7 Kxb7 20. Ba6+
Kxa6 21. Qxd4 Rc8 22. Be3 Bb5+ 23. Kg2 Rc7 24. Nf3 Rfc8 25. Nd2 Nc6 26. Qb2 Na5
27. a4 Bxa4 28. Qa3 Bxc2 29. Qd6+ Rc6 30. Qb4 Nc4 31. Nxc4 Rxc4 32. Qa3+ Ba4
33. f3 Kb7 34. Qe7+ R8c7 35. Qf8 d4 36. Bd2 d3 37. Kf2 g6 38. Qxh6 gxh5 39.
gxh5 Rh4 40. Kg3 Rh1 41. Qf4 Bb5 42. h6 Kb8 43. Kg2 Rh5 44. Qg4 Rxe5 45. h7
Re2+ 46. Kg3 Rc8 47. Bf4+ e5 48. Qxc8+ Kxc8 49. h8=Q+ Kd7 50. Bg5 f5 51. Qd8+
Ke6 52. Qf6+ Kd5 53. Qxf5 Kc4 54. Qc8+ Kb3 55. Qc5 a6 56. Be3 Bc4 57. Qxe5 d2
58. Qd4 Rxe3 59. Qxd2 Rc3 60. Qd1+ Rc2 61. Qb1+ Rb2 62. Qd1+ Rc2 63. Qd8 Ra2
64. Qb6+ Kc3 65. f4 a5 66. f5 a4 67. f6 a3 68. Qc7 Kb4 69. Qb6+ Kc3 70. Qc5 Kb3
71. Qe3+ Kb4 72. Qd4 Kb3 1/2-1/2

[Event "DEM U14 2005"]
[Site "Willingen GER"]
[Date "2005.05.20"]
[Round "8"]
[White "Schubert, Sven"]
[Black "Geske, Julian"]
[Result "1/2-1/2"]
[Termination "normal"]
[Board "3"]
[WhiteElo "1788"]
[BlackElo "2047"]
[PlyCount "109"]
[WhiteFideId "24630551"]
[BlackFideId "24605263"]
[EventCountry "GER"]
[EventRounds "9"]
[EventType "swiss"]
[EventDate "2005.05.15"]

1. e4 e5 2. Nf3 Nc6 3. Nc3 Nf6 4. d4 exd4 5. Nxd4 Bb4 6. Nxc6 bxc6 7. Bd3 O-O
8. O-O d5 9. exd5 cxd5 10. Bg5 c6 11. Qf3 h6 12. Bxf6 Qxf6 13. Qxf6 gxf6 14.
Ne2 Bd6 15. Nd4 c5 16. Nb5 Bb8 17. c4 a6 18. Nc3 dxc4 19. Bxc4 Bb7 20. Rad1 Be5
21. Rd7 Bc6 22. Rd3 Rfb8 23. b3 Bb5 24. Ne4 Bxc4 25. bxc4 Bd4 26. Rb3 Re8 27.
Ng3 Rab8 28. Rfb1 Rxb3 29. axb3 Kh7 30. Kf1 Kg6 31. Ne2 Be5 32. Rd1 Rb8 33. Rd3
a5 34. f4 Ba1 35. Kf2 f5 36. Kf3 Rb4 37. g4 fxg4+ 38. Kxg4 Bb2 39. f5+ Kg7 40.
Nf4 a4 41. bxa4 Rxc4 42. Kf3 Rxa4 43. Nh5+ Kf8 44. f6 Ra3 45. Ke4 Rxd3 46. Kxd3
Be5 47. h3 Ke8 48. Ke4 Bd6 49. Kd5 Kd7 50. Ng7 Bf8 51. h4 Kc7 52. Nf5 Kb6 53.
h5 Kb5 54. Ne3 Kb4 55. Nc4 1/2-1/2

[Event "DEM U14 2005"]
[Site "Willingen GER"]
[Date "2005.05.20"]
[Round "8"]
[White "Kim, Oi-sin"]
[Black "Fink, Leander"]
[Result "1-0"]
[Termination "normal"]
[Board "4"]
[WhiteElo "2056"]
[BlackElo "1967"]
[PlyCount "67"]
[WhiteFideId "24605778"]
[BlackFideId "24605247"]
[EventCountry "GER"]
[EventRounds "9"]
[EventType "swiss"]
[EventDate "2005.05.15"]

1. e4 c5 2. Nc3 Nc6 3. g3 e5 4. Bg2 d6 5. d3 Be7 6. f4 exf4 7. Bxf4 Nf6 8. Nf3
O-O 9. O-O d5 10. e5 Ne8 11. Qd2 Nc7 12. Rae1 b5 13. Nd1 Ne6 14. h4 Bb7 15. h5
Qd7 16. Bh3 Ncd8 17. h6 g6 18. Ne3 d4 19. Ng4 Qd5 20. Kh2 Qxa2 21. Bg5 Nxg5 22.
Nxg5 Bc8 23. Bg2 Rb8 24. Ra1 Qxb2 25. Rxa7 Bb7 26. Nf6+ Bxf6 27. Rxf6 Bxg2 28.
Kxg2 Rb7 29. Rxb7 Nxb7 30. Qf2 Qa2 31. e6 Qd5+ 32. Ne4 c4 33. Rxf7 Re8 34. Qf6
1-0

[Event "DEM U14 2005"]
[Site "Willingen GER"]
[Date "2005.05.20"]
[Round "8"]
[White "Jorczik, Julian"]
[Black "Strathoff, Jens"]
[Result "0-1"]
[Termination "normal"]
[Board "5"]
[WhiteElo "2162"]
[BlackElo "1805"]
[PlyCount "58"]
[WhiteFideId "24611719"]
[BlackFideId "4699084"]
[EventCountry "GER"]
[EventRounds "9"]
[EventType "swiss"]
[EventDate "2005.05.15"]

1. d4 d5 2. c4 e6 3. Nc3 c6 4. Nf3 dxc4 5. a4 Bb4 6. e3 b5 7. Bd2 a5 8. axb5
Bxc3 9. Bxc3 cxb5 10. b3 Bb7 11. d5 Nf6 12. bxc4 b4 13. Bxf6 Qxf6 14. Qa4+ Nd7
15. Nd4 Qe7 16. Qb5 Ra7 17. dxe6 fxe6 18. Rxa5 Rxa5 19. Qxa5 O-O 20. Qc7 Ba6
21. Qc6 Nc5 22. Qb6 Bb7 23. Nc2 b3 24. Nd4 Ra8 25. Nxb3 Na4 26. Qb5 Nc3 27. Qc5
Ra1+ 28. Nxa1 Qxc5 29. Nb3 Qa3 0-1

[Event "DEM U14 2005"]
[Site "Willingen GER"]
[Date "2005.05.20"]
[Round "8"]
[White "Seyb, Alexander"]
[Black "Zahn, Benno"]
[Result "0-1"]
[Termination "normal"]
[Board "6"]
[WhiteElo "2061"]
[BlackElo "1677"]
[PlyCount "48"]
[WhiteFideId "4699033"]
[BlackFideId "24636070"]
[EventCountry "GER"]
[EventRounds "9"]
[EventType "swiss"]
[EventDate "2005.05.15"]

1. e4 c5 2. Nf3 d6 3. d4 cxd4 4. Nxd4 Nf6 5. Nc3 g6 6. Be3 Bg7 7. f3 O-O 8. Qd2
Nc6 9. Bc4 Bd7 10. O-O-O Rc8 11. Bb3 Ne5 12. g4 Nc4 13. Bxc4 Rxc4 14. Kb1 Qa5
15. Nd5 Qxd2 16. Nxe7+ Kh8 17. Rxd2 Re8 18. g5 Nxe4 19. fxe4 Rxe7 20. Nb3 b6
21. Rxd6 Rcxe4 22. Rhd1 Bg4 23. Rd8+ Re8 24. R1d3 Rxe3 0-1

[Event "DEM U14 2005"]
[Site "Willingen GER"]
[Date "2005.05.20"]
[Round "8"]
[White "Zehnter, Sebastian"]
[Black "Zeldin, Leonid"]
[Result "1-0"]
[Termination "normal"]
[Board "7"]
[WhiteElo "2033"]
[BlackElo "1917"]
[PlyCount "111"]
[WhiteFideId "24608670"]
[BlackFideId "24636088"]
[EventCountry "GER"]
[EventRounds "9"]
[EventType "swiss"]
[EventDate "2005.05.15"]

1. e4 c5 2. Nf3 d6 3. d4 cxd4 4. Qxd4 Nc6 5. Bb5 Bd7 6. Bxc6 Bxc6 7. Nc3 Nf6 8.
Bg5 e5 9. Qd3 Be7 10. O-O-O a6 11. Bxf6 gxf6 12. Nh4 Qd7 13. Nd5 Bxd5 14. Qxd5
Qc6 15. Nf5 Rd8 16. Rd3 Qxd5 17. Rxd5 Rg8 18. g3 Kd7 19. Rhd1 Ke6 20. R1d3 Rg5
21. h4 Rxf5 22. exf5+ Kxf5 23. Rb3 Rd7 24. Kd2 Ke6 25. c4 b5 26. Ra3 bxc4 27.
Rda5 d5 28. Rxa6+ Kf5 29. Ra7 Rxa7 30. Rxa7 Bc5 31. Rxf7 Bxf2 32. Rxh7 Bxg3 33.
a4 d4 34. a5 e4 35. a6 e3+ 36. Ke2 Kf4 37. Re7 d3+ 38. Kd1 Bf2 39. a7 e2+ 40.
Kd2 e1=Q+ 41. Rxe1 Bxa7 42. Kc3 Bf2 43. Rf1 Ke3 44. h5 Bg3 45. Kxc4 d2 46. Rd1
Ke2 47. Rb1 d1=Q 48. Rxd1 Kxd1 49. Kd5 f5 50. h6 f4 51. h7 f3 52. h8=Q f2 53.
Qh1+ Ke2 54. Qg2 Bf4 55. Qg4+ Ke3 56. Qd1 1-0

[Event "DEM U14 2005"]
[Site "Willingen GER"]
[Date "2005.05.20"]
[Round "8"]
[White "Korman, Maxim"]
[Black "Schätz, Christopher"]
[Result "1-0"]
[Termination "normal"]
[Board "8"]
[WhiteElo "1999"]
[BlackElo "1749"]
[PlyCount "131"]
[WhiteFideId "24619787"]
[BlackFideId "24623997"]
[EventCountry "GER"]
[EventRounds "9"]
[EventType "swiss"]
[EventDate "2005.05.15"]

1. e4 g6 2. d4 Bg7 3. Nf3 c5 4. dxc5 Na6 5. Bxa6 bxa6 6. c3 Bb7 7. Qc2 Qc7 8.
Be3 Nf6 9. Nbd2 Ng4 10. Qd3 Rc8 11. b4 a5 12. Rb1 Nxe3 13. Qxe3 d6 14. cxd6
exd6 15. c4 axb4 16. Rxb4 a5 17. Rb1 Ba6 18. O-O O-O 19. Rfc1 Rb8 20. Qa3 Rfe8
21. Rb3 Bf8 22. Qa4 Bb7 23. Re3 Bc6 24. Qc2 Bg7 25. Rb3 a4 26. Rbb1 Rxb1 27.
Rxb1 Rb8 28. a3 Rxb1+ 29. Qxb1 Qb7 30. Qxb7 Bxb7 31. Kf1 Bb2 32. Ke2 Bxa3 33.
Kd3 Bc5 34. Nd4 Kf8 35. f3 Ke7 36. Nb1 Kd7 37. Nc3 a3 38. Nb3 Kc6 39. Na5+ Kb6
40. Nxb7 Kxb7 41. Kc2 Kb6 42. Kb3 Kb7 43. Nb5 Kc6 44. Nxa3 Bg1 45. h3 f5 46.
exf5 gxf5 47. g4 fxg4 48. hxg4 d5 49. Kc3 dxc4 50. Nxc4 Kd5 51. Kd3 Ke6 52. Ke4
Bc5 53. f4 Kf6 54. g5+ Kg6 55. Ne5+ Kg7 56. f5 Ba3 57. f6+ Kg8 58. Kf5 Bb4 59.
Ke6 Ba3 60. Kd7 Bc5 61. Ke8 Ba3 62. Nd7 Bb4 63. Nb8 h5 64. Nc6 h4 65. Ne7+ Bxe7
66. Kxe7 1-0

[Event "DEM U14 2005"]
[Site "Willingen GER"]
[Date "2005.05.20"]
[Round "8"]
[White "Hirneise, Jens"]
[Black "Kaczmarczyk, Dennis"]
[Result "0-1"]
[Termination "normal"]
[Board "9"]
[WhiteElo "1958"]
[BlackElo "1986"]
[PlyCount "78"]
[WhiteFideId "24614734"]
[BlackFideId "24608297"]
[EventCountry "GER"]
[EventRounds "9"]
[EventType "swiss"]
[EventDate "2005.05.15"]

1. d4 Nf6 2. c4 g6 3. Nc3 d5 4. cxd5 Nxd5 5. e4 Nxc3 6. bxc3 c5 7. Bc4 Bg7 8.
Ne2 O-O 9. O-O Nc6 10. Be3 Qc7 11. Rc1 Rd8 12. Bf4 Qa5 13. Qb3 cxd4 14. Bxf7+
Kh8 15. cxd4 Nxd4 16. Nxd4 Rxd4 17. Rfd1 e5 18. Rxd4 exd4 19. Bd5 Qb6 20. Qd3
Qb2 21. Rb1 Qc3 22. Qb5 Bg4 23. Bxb7 Rf8 24. Bd6 Rd8 25. Be5 h5 26. Bxg7+ Kxg7
27. Qe5+ Kh6 28. Qf4+ Kg7 29. Rc1 Qb2 30. Bd5 d3 31. f3 Qd4+ 32. Kf1 Rxd5 33.
fxg4 Rd7 34. Rc8 d2 35. Qf8+ Kh7 36. Qg8+ Kh6 37. Qf8+ Qg7 38. Qf4+ Kh7 39. Rc1
Rf7 0-1

[Event "DEM U14 2005"]
[Site "Willingen GER"]
[Date "2005.05.20"]
[Round "8"]
[White "Savchenko, Aleksij"]
[Black "Rath, Oliver"]
[Result "1/2-1/2"]
[Termination "normal"]
[Board "10"]
[WhiteElo "2026"]
[BlackElo "1717"]
[PlyCount "91"]
[WhiteFideId "24611727"]
[BlackFideId "24610380"]
[EventCountry "GER"]
[EventRounds "9"]
[EventType "swiss"]
[EventDate "2005.05.15"]

1. d4 d5 2. c4 e6 3. Nc3 Nf6 4. Bg5 Be7 5. e3 Nbd7 6. Nf3 O-O 7. cxd5 exd5 8.
Bd3 c6 9. Qc2 Re8 10. O-O-O Nf8 11. Ne5 Ng4 12. Bxe7 Qxe7 13. Nf3 Nf6 14. Kb1
Ne4 15. Bxe4 dxe4 16. Nd2 f5 17. d5 Rd8 18. dxc6 bxc6 19. Nb3 Ba6 20. Nc1 Rab8
21. Rxd8 Rxd8 22. Rd1 Rxd1 23. Qxd1 Qd7 24. Kc2 Qxd1+ 25. Kxd1 Ne6 26. N3e2 Kf7
27. Nb3 c5 28. Na5 Ke7 29. Ng3 g6 30. f4 Kd7 31. Kd2 Kd6 32. Ne2 Nc7 33. b3 Nd5
34. Nc4+ Bxc4 35. bxc4 Ne7 36. Nc3 a6 37. h3 h5 38. Ke2 Nc6 39. Nd1 Na5 40. Nb2
h4 41. Kf2 Ke6 42. g3 hxg3+ 43. Kxg3 Kf7 44. Kh4 Kf6 45. Kg3 Kg7 46. Kg2
1/2-1/2

[Event "DEM U14 2005"]
[Site "Willingen GER"]
[Date "2005.05.20"]
[Round "8"]
[White "Nuber, Blasius"]
[Black "Bart, Simon"]
[Result "1-0"]
[Termination "normal"]
[Board "11"]
[WhiteElo "1996"]
[BlackElo "1474"]
[PlyCount "69"]
[WhiteFideId "24620289"]
[BlackFideId "24637327"]
[EventCountry "GER"]
[EventRounds "9"]
[EventType "swiss"]
[EventDate "2005.05.15"]

1. e4 e5 2. Nf3 Nc6 3. d4 exd4 4. Nxd4 Nf6 5. Bg5 h6 6. Nxc6 bxc6 7. Bxf6 Qxf6
8. Nc3 Rb8 9. Na4 Qe5 10. Bd3 d5 11. Qe2 Bd6 12. exd5 Qxe2+ 13. Bxe2 cxd5 14.
O-O-O c6 15. c4 Bf5 16. Bd3 Be6 17. Rhe1 O-O 18. c5 Bf4+ 19. Kc2 Bg5 20. a3 a5
21. g3 Bg4 22. Rb1 Rfe8 23. f4 Bf6 24. b4 Kf8 25. bxa5 Ra8 26. a6 Rxe1 27. Rxe1
Bd8 28. Nb6 Ra7 29. Kc3 f5 30. Rb1 Bf6+ 31. Kc2 Bd4 32. Na4 Bh5 33. Rb7 Ra8 34.
a7 Be8 35. Nb6 1-0

[Event "DEM U14 2005"]
[Site "Willingen GER"]
[Date "2005.05.20"]
[Round "8"]
[White "Colpe, Malte"]
[Black "Völsgen, Georg"]
[Result "1-0"]
[Termination "normal"]
[Board "12"]
[WhiteElo "1962"]
[BlackElo "1562"]
[PlyCount "55"]
[WhiteFideId "24623075"]
[BlackFideId "24635901"]
[EventCountry "GER"]
[EventRounds "9"]
[EventType "swiss"]
[EventDate "2005.05.15"]

1. d4 d5 2. c4 e6 3. Nc3 Nf6 4. Bg5 Nbd7 5. cxd5 exd5 6. e3 c6 7. Qc2 Qa5 8.
Bd3 Bd6 9. Nf3 O-O 10. O-O h6 11. Bh4 Qc7 12. a3 Kh8 13. b4 Ng4 14. Bg3 Bxg3
15. hxg3 Re8 16. Nxd5 Qd6 17. Nc3 Nb6 18. e4 Be6 19. e5 Qd7 20. Ne4 Bf5 21. Nc5
Bxd3 22. Qxd3 Qc8 23. Nh4 Rd8 24. Rfe1 h5 25. Nf5 Qc7 26. Nd6 Nh6 27. Ncxb7 Rd7
28. Na5 1-0

[Event "DEM U14 2005"]
[Site "Willingen GER"]
[Date "2005.05.20"]
[Round "8"]
[White "Eibl, Maximilian"]
[Black "Fernschild, Daniel"]
[Result "1-0"]
[Termination "normal"]
[Board "13"]
[WhiteElo "1843"]
[BlackElo "1581"]
[PlyCount "55"]
[WhiteFideId "24620092"]
[BlackFideId "4624513"]
[EventCountry "GER"]
[EventRounds "9"]
[EventType "swiss"]
[EventDate "2005.05.15"]

1. e4 e6 2. d4 d5 3. Nc3 Nf6 4. Bg5 Be7 5. e5 Nfd7 6. h4 h6 7. Bxe7 Qxe7 8. Bd3
a6 9. f4 c5 10. Nf3 Nc6 11. dxc5 Nxc5 12. Qd2 Bd7 13. O-O-O Rc8 14. Kb1 O-O 15.
g4 Qe8 16. h5 Nxd3 17. Qxd3 f6 18. g5 fxg5 19. fxg5 Rxf3 20. Qxf3 hxg5 21. Qg3
Qe7 22. Rdg1 Rf8 23. Qxg5 Qxg5 24. Rxg5 Kh7 25. b3 Nd4 26. Rhg1 Rf7 27. h6 Kxh6
28. R5g4 1-0

[Event "DEM U14 2005"]
[Site "Willingen GER"]
[Date "2005.05.20"]
[Round "8"]
[White "Brüggemann, Florian"]
[Black "Jacobi, Robin"]
[Result "0-1"]
[Termination "normal"]
[Board "14"]
[WhiteElo "1626"]
[BlackElo "1622"]
[PlyCount "102"]
[WhiteFideId "24645567"]
[BlackFideId "24646962"]
[EventCountry "GER"]
[EventRounds "9"]
[EventType "swiss"]
[EventDate "2005.05.15"]

1. e4 c5 2. Nf3 Nc6 3. d4 cxd4 4. Nxd4 g6 5. Nc3 Bg7 6. Be3 Nf6 7. Bc4 Qa5 8.
Nb3 Qb4 9. Bd3 Nxe4 10. Bxe4 Bxc3+ 11. bxc3 Qxe4 12. O-O Qe5 13. Nd4 O-O 14.
Re1 Qc7 15. Qf3 Nxd4 16. Bxd4 d6 17. Rab1 e5 18. Be3 f5 19. Qd5+ Kg7 20. f4 Qc6
21. Qxc6 bxc6 22. fxe5 dxe5 23. Bc5 Re8 24. a3 e4 25. Kf2 Ba6 26. Ke3 g5 27. g3
Bb5 28. Rb4 a5 29. Rd4 Rad8 30. Rxd8 Rxd8 31. Bb6 Rd5 32. Bc7 Kg6 33. Rh1 Ba4
34. Rc1 h5 35. h4 Rc5 36. Kd4 Rd5+ 37. Ke3 gxh4 38. gxh4 Kf6 39. Bf4 Rd7 40.
Bh6 c5 41. Bf4 Ke6 42. Bg5 Rd5 43. Bf4 Kd7 44. Ke2 Kc6 45. Rd1 Bxc2 46. Rxd5
Kxd5 47. Bc7 Kc4 48. Bxa5 f4 49. Bc7 f3+ 50. Ke3 Kxc3 51. Bg3 Kb3 0-1

[Event "DEM U14 2005"]
[Site "Willingen GER"]
[Date "2005.05.21"]
[Round "9"]
[White "Zahn, Benno"]
[Black "Huschenbeth, Niclas"]
[Result "0-1"]
[Termination "normal"]
[Board "1"]
[WhiteElo "1677"]
[BlackElo "2115"]
[PlyCount "100"]
[WhiteFideId "24636070"]
[BlackFideId "24604747"]
[EventCountry "GER"]
[EventRounds "9"]
[EventType "swiss"]
[EventDate "2005.05.15"]

1. c4 c6 2. Nc3 d5 3. d4 Nf6 4. Bg5 Ne4 5. Nxe4 dxe4 6. e3 Qa5+ 7. Qd2 Qxg5 8.
Ne2 e6 9. a3 Bd6 10. Nc3 f5 11. d5 Be5 12. Rd1 O-O 13. g3 Rd8 14. Qc2 Qf6 15.
Na4 exd5 16. cxd5 cxd5 17. Qc5 Be6 18. Qb5 b6 19. Bc4 a6 20. Qxb6 Nd7 21. Qxe6+
Qxe6 22. Bxd5 Nf8 23. Bxe6+ Nxe6 24. Ke2 Rxd1 25. Rxd1 Rd8 26. Rc1 Kf7 27. Rc2
Rd6 28. f3 exf3+ 29. Kxf3 Ng5+ 30. Ke2 Ne4 31. b4 g5 32. Nb2 Bxb2 33. Rxb2 Rc6
34. Kf3 g4+ 35. Ke2 h5 36. Kd3 Rc3+ 37. Kd4 Rxa3 38. b5 axb5 39. Rxb5 Kf6 40.
Rb2 Kg5 41. Re2 Ra1 42. Ke5 Rg1 43. Kd4 Nxg3 44. hxg3 Rxg3 45. Ra2 Rf3 46. Rb2
h4 47. e4 fxe4 48. Kxe4 h3 49. Rh2 Kh4 50. Rh1 Rf8 0-1

[Event "DEM U14 2005"]
[Site "Willingen GER"]
[Date "2005.05.21"]
[Round "9"]
[White "Bogner, Sebastian"]
[Black "Kim, Oi-sin"]
[Result "1/2-1/2"]
[Termination "normal"]
[Board "2"]
[WhiteElo "2409"]
[BlackElo "2056"]
[PlyCount "146"]
[WhiteFideId "4692055"]
[BlackFideId "24605778"]
[EventCountry "GER"]
[EventRounds "9"]
[EventType "swiss"]
[EventDate "2005.05.15"]

1. e4 e5 2. Nf3 Nc6 3. Bb5 Nf6 4. d3 d6 5. O-O Bd7 6. c3 g6 7. Re1 Bg7 8. Nbd2
O-O 9. Nf1 Re8 10. Ne3 Qe7 11. Ba4 Nb8 12. Bb3 Be6 13. Nd5 Nxd5 14. exd5 Bg4
15. h3 Bxf3 16. Qxf3 Nd7 17. d4 Nb6 18. Bd2 Qf6 19. Qxf6 Bxf6 20. dxe5 Bxe5 21.
Re2 Bg7 22. Rae1 Kf8 23. Kf1 Rxe2 24. Kxe2 Re8+ 25. Kd3 Rxe1 26. Bxe1 Nd7 27.
Bc2 Ne5+ 28. Ke2 Ke7 29. b3 Nd7 30. f4 f5 31. c4 Bd4 32. g4 fxg4 33. hxg4 Nf6
34. Kf3 Kf7 35. Ba5 b6 36. Be1 a5 37. Bd2 Nd7 38. Ke4 Bc5 39. Bc3 Bg1 40. Kf3
Bh2 41. Bd4 g5 42. fxg5 Be5 43. Be3 Nf8 44. Bf5 Ng6 45. Ke4 Bb2 46. Kd3 Bg7 47.
Kc2 Ke7 48. a3 Be5 49. b4 axb4 50. axb4 Ba1 51. Kb3 Kd8 52. Ka4 Nf8 53. Kb5 Bc3
54. c5 bxc5 55. bxc5 dxc5 56. Bxc5 Ng6 57. Kc6 Bd2 58. Bd4 Ne7+ 59. Kc5 Bxg5
60. Bxh7 Bf4 61. Bf6 Ke8 62. Bf5 Kf7 63. Bc3 Bd6+ 64. Kc4 c6 65. dxc6 Nxc6 66.
Kd5 Bb4 67. Bb2 Ne7+ 68. Ke5 Ng6+ 69. Ke4 Be7 70. Bd4 Bg5 71. Be3 Bxe3 72. Kxe3
Ne5 73. g5 Kg7 1/2-1/2

[Event "DEM U14 2005"]
[Site "Willingen GER"]
[Date "2005.05.21"]
[Round "9"]
[White "Strathoff, Jens"]
[Black "Geske, Julian"]
[Result "1/2-1/2"]
[Termination "normal"]
[Board "3"]
[WhiteElo "1805"]
[BlackElo "2047"]
[PlyCount "30"]
[WhiteFideId "4699084"]
[BlackFideId "24605263"]
[EventCountry "GER"]
[EventRounds "9"]
[EventType "swiss"]
[EventDate "2005.05.15"]

1. e4 e5 2. Nf3 Nc6 3. Bc4 Nf6 4. Ng5 d5 5. exd5 Na5 6. Bb5+ Bd7 7. Bxd7+ Qxd7
8. O-O Be7 9. d4 exd4 10. Qxd4 Nc6 11. Qf4 Qxd5 12. Nc3 Qe5 13. Qxe5 Nxe5 14.
Re1 Nc6 15. Nf3 O-O-O 1/2-1/2

[Event "DEM U14 2005"]
[Site "Willingen GER"]
[Date "2005.05.21"]
[Round "9"]
[White "Müller, Reinhold"]
[Black "Heimann, Andreas"]
[Result "1-0"]
[Termination "normal"]
[Board "4"]
[WhiteElo "2122"]
[BlackElo "2119"]
[PlyCount "101"]
[WhiteFideId "24605875"]
[BlackFideId "24624632"]
[EventCountry "GER"]
[EventRounds "9"]
[EventType "swiss"]
[EventDate "2005.05.15"]

1. d4 Nf6 2. c4 g6 3. Nc3 Bg7 4. e4 d6 5. f4 O-O 6. Nf3 c5 7. d5 e6 8. Be2 exd5
9. cxd5 Bg4 10. O-O Nbd7 11. Nd2 Bxe2 12. Qxe2 Re8 13. Qf3 Qb6 14. Kh1 Qa6 15.
a4 c4 16. Re1 Nc5 17. Re3 Nd3 18. Rb1 Rac8 19. b3 Nxc1 20. bxc4 Na2 21. Nxa2
Qxa4 22. Ra3 Qc2 23. Qc3 Rxc4 24. Qxc4 Qxd2 25. Rf1 Nxe4 26. Raf3 Bd4 27. h3
Nf2+ 28. Kh2 Re2 29. Qc8+ Kg7 30. Nc1 Re1 31. Nb3 Qe2 32. Rxe1 Qxe1 33. Nxd4
Qh1+ 34. Kg3 Ne4+ 35. Kh4 Qxg2 36. Qg4 Qd2 37. Nf5+ Kf6 38. Ng3 Qxd5 39. Nxe4+
Qxe4 40. f5 Qe1+ 41. Qg3 Qxg3+ 42. Kxg3 gxf5 43. Rb3 b6 44. Ra3 a5 45. Rb3 Ke5
46. Rxb6 d5 47. Kf3 Kd4 48. Ra6 Kc4 49. Rxa5 d4 50. Rxf5 d3 51. Rxf7 1-0

[Event "DEM U14 2005"]
[Site "Willingen GER"]
[Date "2005.05.21"]
[Round "9"]
[White "Kaczmarczyk, Dennis"]
[Black "Zehnter, Sebastian"]
[Result "0-1"]
[Termination "normal"]
[Board "5"]
[WhiteElo "1986"]
[BlackElo "2033"]
[PlyCount "86"]
[WhiteFideId "24608297"]
[BlackFideId "24608670"]
[EventCountry "GER"]
[EventRounds "9"]
[EventType "swiss"]
[EventDate "2005.05.15"]

1. d4 Nf6 2. Bg5 e6 3. e4 c5 4. d5 d6 5. c4 Be7 6. Bxf6 Bxf6 7. Nc3 O-O 8. Bd3
Qa5 9. Qd2 a6 10. Nge2 Nd7 11. O-O Rb8 12. dxe6 fxe6 13. Rad1 b5 14. cxb5 axb5
15. Nd5 Qxd2 16. Nxf6+ Nxf6 17. Rxd2 Bd7 18. e5 dxe5 19. Ng3 Bc6 20. Bb1 Rfd8
21. Rfd1 Rd5 22. f3 Rbd8 23. Nf1 Kf7 24. Kf2 Rd4 25. Ke3 Nd5+ 26. Kf2 Nb6 27.
Rxd4 exd4 28. Nd2 e5 29. Re1 Re8 30. Be4 Bd7 31. Nb3 Na4 32. Bd5+ Kf8 33. Re2
c4 34. Nc1 d3 35. Rd2 Nxb2 36. Rxb2 c3 37. Nxd3 cxb2 38. Nxb2 Ke7 39. Bb3 Be6
40. Nd3 Kd6 41. Ke3 Bxb3 42. axb3 Ra8 43. g4 Ra3 0-1